<A> Method of Programming

Salvato in:
Dettagli Bibliografici
Autore principale: Dijkstra, Edsger W.
Altri autori: Feijen, W.H.J
Natura: Libro
Lingua:inglese
Pubblicazione: Wokingham Addison-Wesley Pub. Co. 1988
Edizione:1. ed.
Tags: Aggiungi Tag
Nessun Tag, puoi essere il primo ad aggiungerne!!

MARC

LEADER 00000nam a2200000 4500
001 c039317
005 20221219120235.5
041 0 |a eng 
044 |a GB 
245 1 0 |a <A> Method of Programming  |c Edsger W. Dijkstra, W.H.J. Feijen 
250 |a 1. ed. 
264 1 |a Wokingham  |b Addison-Wesley Pub. Co.  |c 1988 
300 |a 188 s. 
100 1 |a Dijkstra, Edsger W. 
700 1 |a Feijen, W.H.J.